Normal view
MARC view
- الزرقاء:جامعة الزرقاء الأهلية
Entry Personal Name
001 - CONTROL NUMBER
- control field: 48480
003 - CONTROL NUMBER IDENTIFIER
- control field: JO-AjAnu
005 - DATE AND TIME OF LATEST TRANSACTION
- control field: 20230606082009.0
008 - FIXED-LENGTH DATA ELEMENTS
- fixed length control field: 230606|| aca||aabn | a|a d
040 ## - CATALOGING SOURCE
- Original cataloging agency: JO-AjAnu
- Transcribing agency: JO-AjAnu
100 ## - HEADING--PERSONAL NAME
- Personal name: الزرقاء:جامعة الزرقاء الأهلية
670 ## - SOURCE DATA FOUND
- Source citation: Work cat.: (JO-AjAnu)24802: الزرقاء:جامعة الزرقاء الأهلية, author, الأبحاث المشارك فيها بمؤتمر كلية الإقتصاد والعلوم الإدارية الثاني (ضمان الجودة وأثره في أداء كليات الإقتصاد) 25-27/شعبان/1424هـ - 21-23 /10/ 2003م